[Event "Hoogeveen Open"]
[Site "Hoogeveen, Netherlands"]
[Date "2018.10.21"]
[Round "2.1"]
[White "Amin, Bassem"]
[Black "Baskin, Robert"]
[Result "1-0"]
[WhiteElo "2686"]
[BlackElo "2348"]

1. e4 {[%clk 01:30:08]} {[%emt 00:00:49]} c6 {[%clk 01:30:40]} {[%emt
00:00:23]} 2. d4 {[%clk 01:28:59]} {[%emt 00:01:38]} d5 {[%clk 01:31:01]}
{[%emt 00:00:09]} 3. exd5 {[%clk 01:28:26]} {[%emt 00:01:03]} cxd5 {[%clk
01:31:25]} {[%emt 00:00:06]} 4. Bd3 {[%clk 01:28:48]} {[%emt 00:00:08]} Nc6
{[%clk 01:30:32]} {[%emt 00:01:23]} 5. c3 {[%clk 01:29:16]} {[%emt 00:00:03]}
Nf6 {[%clk 01:30:05]} {[%emt 00:00:57]} 6. Bf4 {[%clk 01:29:33]} {[%emt
00:00:12]} Bg4 {[%clk 01:30:25]} {[%emt 00:00:09]} 7. Qb3 {[%clk 01:29:55]}
{[%emt 00:00:08]} Qd7 {[%clk 01:30:03]} {[%emt 00:00:52]} 8. Nd2 {[%clk
01:29:54]} {[%emt 00:00:31]} e6 {[%clk 01:30:22]} {[%emt 00:00:12]} 9. Ngf3
{[%clk 01:30:08]} {[%emt 00:00:16]} Bd6 {[%clk 01:30:27]} {[%emt 00:00:25]} 10.
Bxd6 {[%clk 01:30:06]} {[%emt 00:00:33]} Qxd6 {[%clk 01:30:52]} {[%emt
00:00:04]} 11. O-O {[%clk 01:30:22]} {[%emt 00:00:13]} O-O {[%clk 01:31:12]}
{[%emt 00:00:10]} 12. Rfe1 {[%clk 01:30:21]} {[%emt 00:00:31]} Bxf3 {[%clk
01:29:22]} {[%emt 00:02:20]} 13. Nxf3 {[%clk 01:29:57]} {[%emt 00:00:55]} Qc7
{[%clk 01:25:43]} {[%emt 00:04:09]} 14. Qc2 {[%clk 01:27:15]} {[%emt 00:03:11]}
Rac8 {[%clk 01:17:30]} {[%emt 00:08:44]} 15. Re2 {[%clk 01:20:15]} {[%emt
00:07:29]} Qf4 {[%clk 01:08:29]} {[%emt 00:09:31]} 16. Qb3 {[%clk 01:19:13]}
{[%emt 00:01:29]} Rc7 {[%clk 01:07:17]} {[%emt 00:01:46]} 17. h3 {[%clk
01:18:40]} {[%emt 00:01:03]} Ne8 {[%clk 01:01:22]} {[%emt 00:06:25]} 18. Ne5
{[%clk 01:08:25]} {[%emt 00:10:45]} Nd6 {[%clk 00:59:28]} {[%emt 00:02:24]} 19.
Qa3 {[%clk 01:05:48]} {[%emt 00:03:07]} Nxe5 {[%clk 00:57:52]} {[%emt
00:02:06]} 20. Rxe5 {[%clk 01:04:58]} {[%emt 00:01:19]} Rc6 {[%clk 00:56:11]}
{[%emt 00:02:12]} 21. g3 {[%clk 01:01:11]} {[%emt 00:04:17]} Qd2 {[%clk
00:54:00]} {[%emt 00:02:41]} 22. Re3 {[%clk 01:00:22]} {[%emt 00:01:18]} Rb6
{[%clk 00:50:44]} {[%emt 00:03:47]} 23. b4 {[%clk 00:53:39]} {[%emt 00:07:12]}
Rc8 {[%clk 00:34:27]} {[%emt 00:16:49]} 24. Qb3 {[%clk 00:53:16]} {[%emt
00:00:53]} f5 {[%clk 00:31:25]} {[%emt 00:03:31]} 25. Bc2 {[%clk 00:49:04]}
{[%emt 00:04:42]} Rbc6 {[%clk 00:27:15]} {[%emt 00:04:41]} 26. Rd1 {[%clk
00:49:04]} {[%emt 00:00:29]} Qxe3 {[%clk 00:27:31]} {[%emt 00:00:15]} 27. fxe3
{[%clk 00:48:58]} {[%emt 00:00:36]} Rxc3 {[%clk 00:27:56]} {[%emt 00:00:05]} 28.
Qa4 {[%clk 00:48:42]} {[%emt 00:00:46]} Rxc2 {[%clk 00:28:10]} {[%emt
00:00:16]} 29. Qd7 {[%clk 00:48:50]} {[%emt 00:00:22]} Ne4 {[%clk 00:27:43]}
{[%emt 00:00:57]} 30. Qxe6+ {[%clk 00:48:23]} {[%emt 00:00:56]} Kh8 {[%clk
00:26:40]} {[%emt 00:01:33]} 31. Qxf5 {[%clk 00:44:06]} {[%emt 00:04:48]} Nxg3
{[%clk 00:26:30]} {[%emt 00:00:40]} 32. Qf3 {[%clk 00:41:57]} {[%emt 00:02:36]}
Ne4 {[%clk 00:25:02]} {[%emt 00:02:00]} 33. Rf1 {[%clk 00:41:14]} {[%emt
00:01:13]} Nf6 {[%clk 00:22:01]} {[%emt 00:03:31]} 34. Rf2 {[%clk 00:40:29]}
{[%emt 00:01:15]} Rxf2 {[%clk 00:21:07]} {[%emt 00:01:25]} 35. Qxf2 {[%clk
00:39:42]} {[%emt 00:01:15]} h6 {[%clk 00:19:53]} {[%emt 00:01:45]} 36. Qb2
{[%clk 00:38:56]} {[%emt 00:01:16]} a6 {[%clk 00:18:06]} {[%emt 00:02:17]} 37.
a3 {[%clk 00:38:27]} {[%emt 00:00:59]} b5 {[%clk 00:17:25]} {[%emt 00:01:11]}
38. a4 {[%clk 00:35:18]} {[%emt 00:03:39]} bxa4 {[%clk 00:17:27]} {[%emt
00:00:28]} 39. Qa3 {[%clk 00:35:04]} {[%emt 00:00:44]} Rc6 {[%clk 00:16:57]}
{[%emt 00:01:00]} 40. Qxa4 {[%clk 00:35:23]} {[%emt 00:00:11]} Re6 {[%clk
00:16:42]} {[%emt 00:00:45]} 41. Qa5 {[%clk 00:34:53]} {[%emt 00:01:00]} Kg8
{[%clk 00:16:15]} {[%emt 00:00:57]} 42. Kf2 {[%clk 00:34:52]} {[%emt 00:00:31]}
Kf7 {[%clk 00:16:10]} {[%emt 00:00:36]} 43. Qc7+ {[%clk 00:34:49]} {[%emt
00:00:33]} Kg6 {[%clk 00:13:47]} {[%emt 00:02:53]} 44. Ke2 {[%clk 00:33:21]}
{[%emt 00:01:56]} Kh7 {[%clk 00:11:39]} {[%emt 00:02:40]} 45. Qb7 {[%clk
00:32:25]} {[%emt 00:01:27]} Kg6 {[%clk 00:11:34]} {[%emt 00:00:34]} 46. Kd3
{[%clk 00:31:16]} {[%emt 00:01:39]} Kh7 {[%clk 00:11:39]} {[%emt 00:00:25]} 47.
Kc2 {[%clk 00:30:52]} {[%emt 00:00:54]} Kg6 {[%clk 00:12:00]} {[%emt 00:00:09]}
48. Kb2 {[%clk 00:30:58]} {[%emt 00:00:24]} Kh7 {[%clk 00:12:23]} {[%emt
00:00:08]} 49. Qc8 {[%clk 00:31:07]} {[%emt 00:00:20]} Rb6 {[%clk 00:09:04]}
{[%emt 00:03:49]} 50. Ka3 {[%clk 00:31:11]} {[%emt 00:00:26]} Kg6 {[%clk
00:09:08]} {[%emt 00:00:26]} 51. Ka4 {[%clk 00:31:01]} {[%emt 00:00:41]} Kh7
{[%clk 00:09:17]} {[%emt 00:00:21]} 52. h4 {[%clk 00:23:13]} {[%emt 00:08:17]}
h5 {[%clk 00:07:20]} {[%emt 00:02:28]} 53. Qc5 {[%clk 00:19:58]} {[%emt
00:03:43]} Re6 {[%clk 00:07:19]} {[%emt 00:00:33]} 54. Ka5 {[%clk 00:19:54]}
{[%emt 00:00:34]} Kg6 {[%clk 00:06:36]} {[%emt 00:01:12]} 55. Qc7 {[%clk
00:19:41]} {[%emt 00:00:42]} Kh7 {[%clk 00:06:27]} {[%emt 00:00:39]} 56. Qc8
{[%clk 00:19:49]} {[%emt 00:00:23]} Rd6 {[%clk 00:06:29]} {[%emt 00:00:28]} 57.
Qc5 {[%clk 00:19:37]} {[%emt 00:00:42]} Re6 {[%clk 00:06:52]} {[%emt 00:00:06]}
58. e4 {[%clk 00:19:46]} {[%emt 00:00:21]} Rxe4 {[%clk 00:29:54]} {[%emt
00:07:29]} 59. Kxa6 {[%clk 00:50:06]} {[%emt 00:00:10]} Rxh4 {[%clk 00:29:17]}
{[%emt 00:01:07]} 60. Qc2+ {[%clk 00:49:20]} {[%emt 00:01:16]} Kg8 {[%clk
00:27:49]} {[%emt 00:01:57]} 61. b5 {[%clk 00:46:27]} {[%emt 00:03:24]} Rxd4
{[%clk 00:26:32]} {[%emt 00:01:47]} 62. b6 {[%clk 00:45:51]} {[%emt 00:01:05]}
Rc4 {[%clk 00:25:28]} {[%emt 00:01:34]} 63. Qf5 {[%clk 00:46:04]} {[%emt
00:00:17]} Rc6 {[%clk 00:25:32]} {[%emt 00:00:24]} 64. Kb5 {[%clk 00:39:41]}
{[%emt 00:06:53]} Rd6 {[%clk 00:22:17]} {[%emt 00:03:47]} 65. Kc5 {[%clk
00:39:43]} {[%emt 00:00:27]} Rd8 {[%clk 00:09:57]} {[%emt 00:12:51]} 66. Kc6
{[%clk 00:39:55]} {[%emt 00:00:19]} d4 {[%clk 00:08:03]} {[%emt 00:02:24]} 67.
b7 {[%clk 00:40:07]} {[%emt 00:00:17]} d3 {[%clk 00:06:14]} {[%emt 00:02:19]}
68. Qc8 {[%clk 00:40:24]} {[%emt 00:00:13]} Rxc8+ {[%clk 00:06:14]} {[%emt
00:00:30]} 69. bxc8=Q+ {[%clk 00:40:43]} {[%emt 00:00:12]} Kf7 {[%clk
00:06:36]} {[%emt 00:00:08]} 70. Qc7+ {[%clk 00:40:18]} {[%emt 00:00:54]} Kg6
{[%clk 00:05:55]} {[%emt 00:01:12]} 71. Qg3 {[%clk 00:40:42]} {[%emt 00:00:06]}
Ng4 {[%clk 00:05:57]} {[%emt 00:00:28]} 72. Qxd3 {[%clk 00:41:04]} {[%emt
00:00:08]} Kg5 {[%clk 00:06:23]} {[%emt 00:00:04]} 73. Qd2+ {[%clk 00:41:06]}
{[%emt 00:00:28]} Kf5 {[%clk 00:06:35]} {[%emt 00:00:19]} 74. Qd7+ {[%clk
00:41:16]} {[%emt 00:00:19]} 1-0

[Event "Hoogeveen Open"]
[Site "Hoogeveen, Netherlands"]
[Date "2018.10.21"]
[Round "2.2"]
[White "Colijn, Stefan"]
[Black "Safarli, Eltaj"]
[Result "0-1"]
[WhiteElo "2340"]
[BlackElo "2676"]

1. Nf3 {[%clk 01:30:53]} {[%emt 00:00:06]} Nf6 {[%clk 01:30:53]} {[%emt
00:00:08]} 2. c4 {[%clk 01:30:47]} {[%emt 00:00:35]} g6 {[%clk 01:31:13]}
{[%emt 00:00:11]} 3. g3 {[%clk 01:31:12]} {[%emt 00:00:05]} Bg7 {[%clk
01:31:08]} {[%emt 00:00:36]} 4. Bg2 {[%clk 01:31:36]} {[%emt 00:00:06]} d5
{[%clk 01:31:10]} {[%emt 00:00:29]} 5. O-O {[%clk 01:31:48]} {[%emt 00:00:16]}
d4 {[%clk 01:30:40]} {[%emt 00:01:00]} 6. e3 {[%clk 01:29:58]} {[%emt
00:02:20]} Nc6 {[%clk 01:25:17]} {[%emt 00:05:53]} 7. d3 {[%clk 01:15:30]}
{[%emt 00:14:57]} dxe3 {[%clk 01:23:33]} {[%emt 00:02:15]} 8. fxe3 {[%clk
01:14:34]} {[%emt 00:01:25]} e5 {[%clk 01:22:06]} {[%emt 00:01:56]} 9. d4
{[%clk 01:08:23]} {[%emt 00:06:41]} Bg4 {[%clk 01:19:49]} {[%emt 00:02:48]} 10.
Qa4 {[%clk 01:06:37]} {[%emt 00:02:17]} exd4 {[%clk 01:16:10]} {[%emt
00:04:09]} 11. Nxd4 {[%clk 00:59:34]} {[%emt 00:07:33]} O-O {[%clk 01:16:33]}
{[%emt 00:00:08]} 12. Nxc6 {[%clk 00:59:52]} {[%emt 00:00:12]} bxc6 {[%clk
01:16:58]} {[%emt 00:00:05]} 13. Qxc6 {[%clk 00:58:13]} {[%emt 00:02:08]} Rb8
{[%clk 01:16:37]} {[%emt 00:00:52]} 14. Nc3 {[%clk 00:58:36]} {[%emt 00:00:08]}
Nd7 {[%clk 01:14:49]} {[%emt 00:02:17]} 15. h3 {[%clk 00:46:01]} {[%emt
00:13:05]} Ne5 {[%clk 01:11:55]} {[%emt 00:03:25]} 16. Qa6 {[%clk 00:43:10]}
{[%emt 00:03:21]} Be6 {[%clk 01:10:05]} {[%emt 00:02:20]} 17. Qxa7 {[%clk
00:39:00]} {[%emt 00:04:40]} Nxc4 {[%clk 01:03:19]} {[%emt 00:07:15]} 18. a4
{[%clk 00:28:56]} {[%emt 00:10:35]} Nxb2 {[%clk 01:00:24]} {[%emt 00:03:26]} 19.
Nb5 {[%clk 00:26:30]} {[%emt 00:02:56]} Bc4 {[%clk 00:49:26]} {[%emt 00:11:28]}
20. Qxc7 {[%clk 00:02:32]} {[%emt 00:24:28]} Bxf1 {[%clk 00:47:45]} {[%emt
00:02:11]} 21. Bxb2 {[%clk 00:02:13]} {[%emt 00:00:49]} Bxb5 {[%clk 00:44:09]}
{[%emt 00:04:06]} 22. Qxd8 {[%clk 00:02:31]} {[%emt 00:00:12]} Rfxd8 {[%clk
00:44:35]} {[%emt 00:00:05]} 0-1

[Event "Hoogeveen Open"]
[Site "Hoogeveen, Netherlands"]
[Date "2018.10.21"]
[Round "2.3"]
[White "Guseinov, Gadir"]
[Black "Warakomska, Anna"]
[Result "1-0"]
[WhiteElo "2667"]
[BlackElo "2293"]

1. e4 {[%clk 01:30:57]} {[%emt 00:00:02]} e5 {[%clk 01:30:42]} {[%emt
00:00:19]} 2. Nf3 {[%clk 01:31:18]} {[%emt 00:00:09]} Nc6 {[%clk 01:31:09]}
{[%emt 00:00:04]} 3. Bb5 {[%clk 01:31:40]} {[%emt 00:00:08]} a6 {[%clk
01:31:35]} {[%emt 00:00:05]} 4. Ba4 {[%clk 01:31:55]} {[%emt 00:00:15]} Nf6
{[%clk 01:31:58]} {[%emt 00:00:07]} 5. O-O {[%clk 01:32:17]} {[%emt 00:00:07]}
Be7 {[%clk 01:32:15]} {[%emt 00:00:14]} 6. d3 {[%clk 01:32:38]} {[%emt
00:00:09]} b5 {[%clk 01:31:54]} {[%emt 00:00:52]} 7. Bb3 {[%clk 01:32:59]}
{[%emt 00:00:08]} d6 {[%clk 01:32:14]} {[%emt 00:00:10]} 8. a4 {[%clk
01:31:54]} {[%emt 00:01:35]} Bd7 {[%clk 01:31:01]} {[%emt 00:01:43]} 9. Be3
{[%clk 01:25:16]} {[%emt 00:07:08]} Na5 {[%clk 01:27:37]} {[%emt 00:03:55]} 10.
Ba2 {[%clk 01:25:21]} {[%emt 00:00:24]} bxa4 {[%clk 01:27:23]} {[%emt
00:00:44]} 11. Nc3 {[%clk 01:24:52]} {[%emt 00:00:59]} O-O {[%clk 01:25:55]}
{[%emt 00:01:58]} 12. Bb1 {[%clk 01:18:26]} {[%emt 00:06:56]} Qe8 {[%clk
01:02:32]} {[%emt 00:23:53]} 13. b3 {[%clk 01:13:50]} {[%emt 00:05:07]} Nc6
{[%clk 00:59:22]} {[%emt 00:03:40]} 14. bxa4 {[%clk 01:11:43]} {[%emt
00:02:37]} Be6 {[%clk 00:44:19]} {[%emt 00:15:32]} 15. h3 {[%clk 01:09:44]}
{[%emt 00:02:28]} h6 {[%clk 00:43:42]} {[%emt 00:01:07]} 16. Re1 {[%clk
00:57:21]} {[%emt 00:12:52]} Qd7 {[%clk 00:42:19]} {[%emt 00:01:53]} 17. Ne2
{[%clk 00:56:26]} {[%emt 00:01:26]} d5 {[%clk 00:36:02]} {[%emt 00:06:47]} 18.
exd5 {[%clk 00:56:21]} {[%emt 00:00:35]} Nxd5 {[%clk 00:36:21]} {[%emt
00:00:11]} 19. Bd2 {[%clk 00:56:46]} {[%emt 00:00:06]} Bc5 {[%clk 00:30:37]}
{[%emt 00:06:13]} 20. Ng3 {[%clk 00:50:43]} {[%emt 00:06:33]} f6 {[%clk
00:20:46]} {[%emt 00:10:21]} 21. c3 {[%clk 00:48:15]} {[%emt 00:02:59]} Rab8
{[%clk 00:11:57]} {[%emt 00:09:19]} 22. Qc2 {[%clk 00:45:39]} {[%emt 00:03:06]}
Ba7 {[%clk 00:10:05]} {[%emt 00:02:22]} 23. d4 {[%clk 00:44:39]} {[%emt
00:01:30]} Rxb1 {[%clk 00:08:53]} {[%emt 00:01:42]} 24. Raxb1 {[%clk 00:44:54]}
{[%emt 00:00:13]} exd4 {[%clk 00:09:10]} {[%emt 00:00:14]} 25. cxd4 {[%clk
00:45:01]} {[%emt 00:00:23]} Re8 {[%clk 00:05:43]} {[%emt 00:03:57]} 26. Re4
{[%clk 00:28:45]} {[%emt 00:16:46]} Bf7 {[%clk 00:04:15]} {[%emt 00:01:58]} 27.
Rxe8+ {[%clk 00:28:07]} {[%emt 00:01:08]} Bxe8 {[%clk 00:04:16]} {[%emt
00:00:29]} 28. Qc4 {[%clk 00:27:24]} {[%emt 00:01:13]} a5 {[%clk 00:02:55]}
{[%emt 00:01:52]} 29. Ne4 {[%clk 00:27:08]} {[%emt 00:00:46]} Bf7 {[%clk
00:02:47]} {[%emt 00:00:37]} 30. Nc5 {[%clk 00:26:28]} {[%emt 00:01:10]} Qf5
{[%clk 00:02:25]} {[%emt 00:00:53]} 31. Re1 {[%clk 00:26:27]} {[%emt 00:00:31]}
Bb6 {[%clk 00:01:32]} {[%emt 00:01:23]} 32. Qb5 {[%clk 00:22:17]} {[%emt
00:04:40]} Ndb4 {[%clk 00:01:00]} {[%emt 00:01:03]} 33. Na6 {[%clk 00:19:28]}
{[%emt 00:03:19]} Qxb5 {[%clk 00:00:52]} {[%emt 00:00:38]} 34. axb5 {[%clk
00:19:49]} {[%emt 00:00:09]} Nxd4 {[%clk 00:00:47]} {[%emt 00:00:36]} 35. Nxd4
{[%clk 00:19:41]} {[%emt 00:00:38]} Bxd4 {[%clk 00:01:13]} {[%emt 00:00:04]} 36.
Nxb4 {[%clk 00:16:50]} {[%emt 00:03:22]} axb4 {[%clk 00:01:39]} {[%emt
00:00:04]} 37. Bxb4 {[%clk 00:17:15]} {[%emt 00:00:05]} Bb6 {[%clk 00:01:49]}
{[%emt 00:00:19]} 38. Rc1 {[%clk 00:13:29]} {[%emt 00:04:15]} Be8 {[%clk
00:01:59]} {[%emt 00:00:22]} 39. Bc5 {[%clk 00:13:47]} {[%emt 00:00:12]} Bxb5
{[%clk 00:02:14]} {[%emt 00:00:15]} 40. Bxb6 {[%clk 00:14:12]} {[%emt
00:00:05]} cxb6 {[%clk 00:02:39]} {[%emt 00:00:05]} 41. Rb1 {[%clk 00:14:39]}
{[%emt 00:00:02]} Bd3 {[%clk 00:01:16]} {[%emt 00:01:53]} 42. Rxb6 {[%clk
00:15:04]} {[%emt 00:00:06]} Kf7 {[%clk 00:01:35]} {[%emt 00:00:10]} 43. Rb7+
{[%clk 00:15:25]} {[%emt 00:00:09]} Kg6 {[%clk 00:01:07]} {[%emt 00:00:57]} 44.
Rd7 {[%clk 00:14:04]} {[%emt 00:01:51]} Bf5 {[%clk 00:00:48]} {[%emt 00:00:50]}
45. Rc7 {[%clk 00:14:10]} {[%emt 00:00:23]} Be6 {[%clk 00:29:51]} {[%emt
00:01:28]} 46. Kh2 {[%clk 00:44:23]} {[%emt 00:00:17]} h5 {[%clk 00:25:04]}
{[%emt 00:05:18]} 47. Kg3 {[%clk 00:43:55]} {[%emt 00:00:58]} Kh6 {[%clk
00:20:15]} {[%emt 00:05:18]} 48. h4 {[%clk 00:43:58]} {[%emt 00:00:27]} Bd5
{[%clk 00:19:22]} {[%emt 00:01:20]} 49. Rd7 {[%clk 00:44:12]} {[%emt 00:00:18]}
Bc6 {[%clk 00:19:05]} {[%emt 00:00:45]} 50. Rd6 {[%clk 00:44:31]} {[%emt
00:00:14]} Bb7 {[%clk 00:17:59]} {[%emt 00:01:36]} 51. f3 {[%clk 00:43:54]}
{[%emt 00:01:06]} Kg6 {[%clk 00:17:50]} {[%emt 00:00:39]} 52. Kf4 {[%clk
00:44:08]} {[%emt 00:00:17]} Bc8 {[%clk 00:17:03]} {[%emt 00:01:17]} 53. Ke3
{[%clk 00:44:22]} {[%emt 00:00:16]} Bf5 {[%clk 00:16:00]} {[%emt 00:01:32]} 54.
Rd5 {[%clk 00:42:22]} {[%emt 00:02:31]} Be6 {[%clk 00:15:52]} {[%emt 00:00:37]}
55. Rc5 {[%clk 00:42:47]} {[%emt 00:00:05]} Bb3 {[%clk 00:14:40]} {[%emt
00:01:42]} 56. Rc7 {[%clk 00:41:32]} {[%emt 00:01:45]} Be6 {[%clk 00:11:50]}
{[%emt 00:03:20]} 57. Kd4 {[%clk 00:41:41]} {[%emt 00:00:21]} Bf5 {[%clk
00:11:40]} {[%emt 00:00:40]} 58. Kd5 {[%clk 00:40:42]} {[%emt 00:01:28]} Bd3
{[%clk 00:11:25]} {[%emt 00:00:45]} 59. Ke6 {[%clk 00:39:18]} {[%emt 00:01:54]}
Bf1 {[%clk 00:10:51]} {[%emt 00:01:04]} 60. Rc1 {[%clk 00:39:31]} {[%emt
00:00:16]} Bd3 {[%clk 00:09:54]} {[%emt 00:01:28]} 61. Ke7 {[%clk 00:39:19]}
{[%emt 00:00:42]} Kf5 {[%clk 00:05:07]} {[%emt 00:05:18]} 62. Kf7 {[%clk
00:39:12]} {[%emt 00:00:37]} g5 {[%clk 00:02:39]} {[%emt 00:02:57]} 63. g3
{[%clk 00:39:27]} {[%emt 00:00:15]} 1-0

[Event "Hoogeveen Open"]
[Site "Hoogeveen, Netherlands"]
[Date "2018.10.21"]
[Round "2.4"]
[White "Tomilova, Elena"]
[Black "Romanov, Evgeny"]
[Result "0-1"]
[WhiteElo "2328"]
[BlackElo "2614"]

1. Nf3 {[%clk 01:30:56]} {[%emt 00:00:02]} d6 {[%clk 01:25:41]} {[%emt
00:05:19]} 2. d4 {[%clk 01:30:33]} {[%emt 00:00:54]} Bg4 {[%clk 01:25:47]}
{[%emt 00:00:24]} 3. e4 {[%clk 01:28:23]} {[%emt 00:02:41]} Nd7 {[%clk
01:25:03]} {[%emt 00:01:14]} 4. h3 {[%clk 01:24:23]} {[%emt 00:04:30]} Bh5
{[%clk 01:24:49]} {[%emt 00:00:43]} 5. Nc3 {[%clk 01:20:25]} {[%emt 00:04:29]}
e5 {[%clk 01:24:43]} {[%emt 00:00:35]} 6. Be2 {[%clk 01:19:33]} {[%emt
00:01:22]} Ngf6 {[%clk 01:24:42]} {[%emt 00:00:31]} 7. Be3 {[%clk 01:16:27]}
{[%emt 00:03:37]} Be7 {[%clk 01:24:31]} {[%emt 00:00:40]} 8. Qd3 {[%clk
01:06:19]} {[%emt 00:10:39]} c6 {[%clk 01:18:14]} {[%emt 00:06:47]} 9. O-O-O
{[%clk 01:00:21]} {[%emt 00:06:28]} Qc7 {[%clk 01:05:52]} {[%emt 00:12:52]} 10.
dxe5 {[%clk 00:59:33]} {[%emt 00:01:18]} dxe5 {[%clk 01:03:38]} {[%emt
00:02:43]} 11. g4 {[%clk 00:56:51]} {[%emt 00:03:12]} Bg6 {[%clk 01:03:29]}
{[%emt 00:00:39]} 12. g5 {[%clk 00:54:50]} {[%emt 00:02:32]} Nh5 {[%clk
01:02:29]} {[%emt 00:01:30]} 13. Qc4 {[%clk 00:46:23]} {[%emt 00:08:57]} O-O-O
{[%clk 00:48:29]} {[%emt 00:14:29]} 14. a4 {[%clk 00:39:17]} {[%emt 00:07:38]}
Nf4 {[%clk 00:45:45]} {[%emt 00:03:13]} 15. Bxf4 {[%clk 00:35:24]} {[%emt
00:04:23]} exf4 {[%clk 00:46:01]} {[%emt 00:00:13]} 16. h4 {[%clk 00:35:40]}
{[%emt 00:00:15]} Bh5 {[%clk 00:44:35]} {[%emt 00:01:56]} 17. Qb3 {[%clk
00:25:36]} {[%emt 00:10:34]} Bxf3 {[%clk 00:34:59]} {[%emt 00:10:06]} 18. Bxf3
{[%clk 00:25:53]} {[%emt 00:00:13]} Ne5 {[%clk 00:35:21]} {[%emt 00:00:07]} 19.
Ne2 {[%clk 00:20:29]} {[%emt 00:05:54]} Rxd1+ {[%clk 00:28:04]} {[%emt
00:07:47]} 20. Rxd1 {[%clk 00:20:30]} {[%emt 00:00:29]} Qb6 {[%clk 00:28:22]}
{[%emt 00:00:12]} 21. Bg4+ {[%clk 00:13:22]} {[%emt 00:07:38]} Kc7 {[%clk
00:24:19]} {[%emt 00:04:33]} 22. Qxb6+ {[%clk 00:10:22]} {[%emt 00:03:31]} Kxb6
{[%clk 00:22:33]} {[%emt 00:02:16]} 23. f3 {[%clk 00:10:26]} {[%emt 00:00:26]}
h6 {[%clk 00:21:31]} {[%emt 00:01:33]} 24. gxh6 {[%clk 00:10:29]} {[%emt
00:00:27]} Rxh6 {[%clk 00:21:42]} {[%emt 00:00:18]} 25. h5 {[%clk 00:10:45]}
{[%emt 00:00:15]} Nxg4 {[%clk 00:16:57]} {[%emt 00:05:14]} 26. fxg4 {[%clk
00:11:10]} {[%emt 00:00:05]} Bg5 {[%clk 00:14:56]} {[%emt 00:02:31]} 27. Nd4
{[%clk 00:08:42]} {[%emt 00:02:58]} f3+ {[%clk 00:13:41]} {[%emt 00:01:45]} 28.
Kb1 {[%clk 00:09:08]} {[%emt 00:00:04]} Rd6 {[%clk 00:13:22]} {[%emt 00:00:48]}
29. a5+ {[%clk 00:06:25]} {[%emt 00:03:14]} Ka6 {[%clk 00:13:45]} {[%emt
00:00:08]} 30. e5 {[%clk 00:04:57]} {[%emt 00:01:58]} Rd8 {[%clk 00:13:11]}
{[%emt 00:01:02]} 31. b4 {[%clk 00:05:15]} {[%emt 00:00:13]} Bf4 {[%clk
00:04:59]} {[%emt 00:08:42]} 32. c4 {[%clk 00:03:31]} {[%emt 00:02:14]} f2
{[%clk 00:04:47]} {[%emt 00:00:42]} 33. b5+ {[%clk 00:01:03]} {[%emt 00:02:59]}
cxb5 {[%clk 00:04:56]} {[%emt 00:00:21]} 34. cxb5+ {[%clk 00:01:27]} {[%emt
00:00:06]} Kxa5 {[%clk 00:05:22]} {[%emt 00:00:04]} 35. Nb3+ {[%clk 00:01:34]}
{[%emt 00:00:23]} Kb4 {[%clk 00:05:45]} {[%emt 00:00:07]} 0-1